• 首页
  • 本馆介绍
  • 公告通知
  • 最新文献
  • 馆藏检索
  • 电子资源
  • 读者导购
  • 参考咨询
  • 我的图书馆
  • 登录
  • 详细信息显示
  • 放入我的书架
  • 预约/预借图书
  • 作者相关作品
  • 分类相关作品
  • 丛书相关作品
  • 出版社相关作品

书目信息

  • 表格格式
  • 工作单格式
  • 卡片格式
题名:
会计基础和实训通俗读本
    
 
作者: 林虹肖 编著
分册:  
出版信息: 哈尔滨   东北林业大学出版社  2019
页数: 273页
开本: 24cm
丛书名:
单 册:
中图分类: F230-49
科图分类:
主题词: 会计学--hui ji xue--通俗读物
电子资源:
ISBN: 978-7-5674-1944-5
000 00753nam0 2200229 450
001 2151093691
005 20211018173724.0
010    @a978-7-5674-1944-5@dCNY68.00
100    @a20210608d2019 em y0chiy0120 ea
101 0  @achi
102    @aCN@b230000
105    @ay z 000yy
106    @ar
200 1  @a会计基础和实训通俗读本@Ahui ji ji chu he shi xun tong su du ben@f林虹肖编著
210    @a哈尔滨@c东北林业大学出版社@d2019
215    @a273页@d24cm
330    @a本书按照“通俗易懂”“理论和实践相结合”的指导思想,将会计的基础内容和实训内容相结合,进行分项讲解。
606 0  @a会计学@Ahui ji xue@j通俗读物
690    @aF230-49@v5
701  0 @a林虹肖@Alin hong xiao@4编著
801  0 @aCN@b百万庄@c20211016
905    @b1309524-27@dF230-49@e777@f4
    
    会计基础和实训通俗读本/林虹肖编著.-哈尔滨:东北林业大学出版社,2019
    273页;24cm
    
    
    ISBN 978-7-5674-1944-5:CNY68.00
    本书按照“通俗易懂”“理论和实践相结合”的指导思想,将会计的基础内容和实训内容相结合,进行分项讲解。
●
相关链接 在E读中查询图书 在五车中查询图书 在当当中查询图书 在豆瓣中查询图书


正题名:会计基础和实训通俗读本     索取号:F230-49/777         预约/预借

序号 登录号 条形码 馆藏地/架位号 状态 备注
1 1309524   213095247   第一样本阅览室/ [索取号:F230-49/777] 在馆    
2 1309525   213095256   第一借阅区/ [索取号:F230-49/777] 在馆    
3 1309526   213095265   第一借阅区/ [索取号:F230-49/777] 在馆    
4 1309527   213095274   第一借阅区/ [索取号:F230-49/777] 在馆    
唐山师范学院图书馆 欢迎您!
大连网信软件有限公司© 版权所有